Most popular serbian girl names 1950 - 2020 - Statistics

General Stats
  • This quiz has been taken 237 times
  • The average score is 44 of 80
Answer Stats
Hint Answer % Correct
2020 Ana
91%
2010 Ana
91%
Ana
91%
2010 Milica
86%
2000 Milica
86%
Milica
86%
Milica
86%
Marija
80%
Marija
80%
Marija
80%
Marija
80%
Marija
80%
Jelena
77%
1990 Jelena
77%
1980 Jelena
77%
2010 Jovana
75%
Jovana
75%
Jovana
75%
Ivana
70%
Ivana
70%
Ivana
70%
2020 Teodora
66%
Teodora
66%
2010 Aleksandra
65%
Aleksandra
65%
Aleksandra
65%
2020 Mila
65%
2020 Sara
63%
Sara
63%
Katarina
62%
Katarina
62%
2020 Andjela
61%
2010 Andjela
61%
2020 Sofija
61%
Dragana
60%
Dragana
60%
Dragana
60%
2020 Lena
60%
1990 Milena
60%
Anastasija
56%
Tijana
52%
2020 Nina
51%
2000 Tamara
49%
Kristina
46%
Gordana
45%
Gordana
45%
1950 Gordana
45%
1980 Natasa
45%
Svetlana
45%
2020 Dunja
44%
Vesna
44%
Vesna
44%
Marina
43%
1970 Mirjana
42%
Mirjana
42%
Snezana
42%
1970 Snezana
42%
Snezana
42%
Slavica
41%
Slavica
41%
Slavica
41%
Zorica
41%
Zorica
41%
Ljubica
40%
Nada
39%
Nada
39%
Biljana
34%
Biljana
34%
Danijela
34%
Vera
34%
Ljiljana
33%
1960 Ljiljana
33%
Ljiljana
33%
Dragica
31%
Dragica
31%
1960 Radmila
31%
1950 Radmila
31%
2020 Tara
31%
Sladjana
25%
Slobodanka
15%
No matching quizzes found
Score Distribution
Percent of People with Each Score
Percentile by Number Answered
Your Score History
You have not taken this quiz